000 00635nam a2200157Ia 4500
008 220216s9999 xx 000 0 und d
100 _aJoseph A.M
245 0 _aComparison of a novel devulcanization process with conventional industrial devulcanization processes
260 _bNational Conference on Enpowering the Rubber & Allied Industry Through Indegenisation, Innovation on Technology, Materials and Processes, 18 December 2015, IRMRA, Maumbai, India.
650 _aDevulcanization
650 _aIndustrial devulcanization
700 _aGeorge B
700 _aMadhusoodanan K.N
856 _uBibli details only
942 _cJS
999 _c55985
_d55985